[Event "CP-2007-S-00003"]
[Site "LSS email"]
[Date "2010.04.06"]
[Round "?"]
[White "Lifshitz, Samuel"]
[Black "Hnatovsky, Nicholas"]
[Result "0-1"]
[WhiteElo "1842"]
[BlackElo "2262"]
[PlyCount "122"]
[EventDate "2010.04.09"]
[EventType "tourn (corr)"]
[EventRounds "6"]
[EventCountry "GER"]
[SourceTitle "Telechess CBM 141"]
[Source "ChessBase"]
[SourceDate "2011.03.17"]
[SourceVersion "1"]
[SourceVersionDate "2011.03.17"]
[SourceQuality "1"]

1. e4 c6 2. d4 d5 3. e5 Bf5 4. Nf3 e6 5. Be2 Ne7 6. 0-0 h6 7. Nbd2 Nd7 8. Nb3 Nc8 9. Ne1 Be7 10. Bd3 Bxd3 11. Nxd3 Ncb6 12. Nbc5 Nxc5 13. dxc5 Nd7 14. Qg4 g6 15. Be3 b6 16. b4 bxc5 17. bxc5 Qa5 18. Qd4 h5 19. c4 0-0 20. Rfb1 Rfc8 21. Rb3 Qa6 22. cxd5 cxd5 23. Rc1 Rab8 24. Rbc3 Qxa2 25. c6 Nb6 26. R3c2 Qb3 27. Rb2 Qa3 28. g3 Bf8 29. Kg2 Rc7 30. Bg5 Rbc8 31. Rbb1 Qa2 32. Ra1 Qe2 33. Re1 Qg4 34. Qxg4 hxg4 35. Reb1 Bg7 36. Ra6 Rxc6 37. Rxa7 Rc3 38. Nf4 Nc4 39. Rbb7 Nxe5 40. Nxe6 Bh8 41. Nd4 Rd3 42. Ra4 Rd1 43. Nb5 Rb1 44. h4 Bg7 45. Nd6 Rb8 46. Rxb8+ Rxb8 47. Bf4 Nf3 48. Ne4 Re8 49. Nd2 Ne1+ 50. Kf1 Bc3 51. Be3 Bxd2 52. Bxd2 Nf3 53. Be3 d4 54. Rxd4 Nxd4 55. Bxd4 Rd8 56. Be3 Ra8 57. Ke2 f6 58. Bd4 Kf7 59. Ke3 Ra2 60. Kd3 Ke6 61. Kc4 f5 0-1

[Event "LSS BI-2009-F-00012"]
[Site "LSS email"]
[Date "2010.02.15"]
[Round "?"]
[White "Lifshitz, Samuel"]
[Black "Loktayev, Vladislav"]
[Result "1-0"]
[WhiteElo "1832"]
[BlackElo "1257"]
[PlyCount "51"]
[EventDate "2010.02.17"]
[EventType "tourn (corr)"]
[EventRounds "10"]
[EventCountry "GER"]
[SourceTitle "Telechess CBM 141"]
[Source "ChessBase"]
[SourceDate "2011.03.17"]
[SourceVersion "1"]
[SourceVersionDate "2011.03.17"]
[SourceQuality "1"]

1. e4 c5 2. d4 cxd4 3. c3 Nf6 4. e5 Nd5 5. Nf3 d6 6. cxd4 e6 7. Bc4 Nb6 8. Bb3 Be7 9. 0-0 Nc6 10. Nc3 a6 11. exd6 Bxd6 12. Bg5 Be7 13. Bxe7 Nxe7 14. Re1 0-0 15. Ne5 Nbd5 16. Rc1 Nxc3 17. Rxc3 Ng6 18. Nxg6 hxg6 19. d5 exd5 20. Bxd5 Re8 21. Rxe8+ Qxe8 22. Re3 Qf8 23. Bxf7+ Kxf7 24. Qd5+ Kf6 25. h4 Bf5 26. g4 1-0

[Event "LSS BI-2009-F-00012"]
[Site "LSS email"]
[Date "2010.02.15"]
[Round "?"]
[White "Lifshitz, Samuel"]
[Black "Paetzold, Ortwin"]
[Result "1-0"]
[WhiteElo "1837"]
[BlackElo "1182"]
[PlyCount "47"]
[EventDate "2010.02.17"]
[EventType "tourn (corr)"]
[EventRounds "10"]
[EventCountry "GER"]
[SourceTitle "Telechess CBM 141"]
[Source "ChessBase"]
[SourceDate "2011.03.17"]
[SourceVersion "1"]
[SourceVersionDate "2011.03.17"]
[SourceQuality "1"]

1. e4 c5 2. d4 cxd4 3. c3 Nf6 4. e5 Nd5 5. Nf3 e6 6. cxd4 d6 7. Bc4 Nb6 8. Bd3 Nc6 9. 0-0 Be7 10. Nc3 0-0 11. a3 dxe5 12. dxe5 Qc7 13. Bf4 Rd8 14. Qc2 h6 15. Rfd1 Bd7 16. Nb5 Qb8 17. Nd6 Bxd6 18. exd6 Qc8 19. Qd2 f5 20. Bxh6 gxh6 21. Qxh6 Be8 22. Ng5 Qd7 23. Nxe6 Ne5 24. Qf8+ 1-0

[Event "LSS BI-2009-F-00012"]
[Site "LSS email"]
[Date "2010.02.15"]
[Round "?"]
[White "Lifshitz, Samuel"]
[Black "Stadler, Pavel"]
[Result "1-0"]
[WhiteElo "1827"]
[BlackElo "1101"]
[PlyCount "35"]
[EventDate "2010.02.17"]
[EventType "tourn (corr)"]
[EventRounds "10"]
[EventCountry "GER"]
[SourceTitle "Corr 2013"]
[Source "ChessBase"]
[SourceDate "2012.11.12"]
[SourceVersion "1"]
[SourceVersionDate "2012.11.12"]
[SourceQuality "1"]

1. e4 c5 2. d4 cxd4 3. c3 dxc3 4. Nxc3 Nc6 5. Nf3 d6 6. Bc4 e6 7. 0-0 a6 8. Qe2 Nf6 9. Rd1 Qc7 10. Bf4 Be7 11. Rac1 Qb8 12. e5 dxe5 13. Nxe5 Nxe5 14. Bxe5 Qa7 15. Bb5+ axb5 16. Nxb5 Qxa2 17. Nc7+ Kf8 18. Nxa8 1-0

[Event "LSS SB-2010-0-00080"]
[Site "LSS email"]
[Date "2010.01.25"]
[Round "?"]
[White "Lifshitz, Samuel"]
[Black "Luers, Charles J"]
[Result "1/2-1/2"]
[WhiteElo "1826"]
[BlackElo "1910"]
[PlyCount "38"]
[EventDate "2010.01.07"]
[EventType "tourn (corr)"]
[EventRounds "6"]
[EventCountry "GER"]
[SourceTitle "Corr 2013"]
[Source "ChessBase"]
[SourceDate "2012.11.12"]
[SourceVersion "1"]
[SourceVersionDate "2012.11.12"]
[SourceQuality "1"]

1. e4 c5 2. d4 cxd4 3. c3 dxc3 4. Nxc3 e6 5. Nf3 Nc6 6. Bc4 a6 7. 0-0 Nge7 8. Be3 Ng6 9. Bb3 b5 10. Re1 Bb4 11. a3 Bxc3 12. bxc3 Bb7 13. Bc5 Na5 14. Ba2 Rc8 15. Qd4 Qf6 16. Qe3 Qf4 17. Qd4 Qf6 18. Qe3 Qf4 19. Qd4 Qf6 1/2-1/2

[Event "LSS SB-2010-0-00080"]
[Site "LSS email"]
[Date "2010.01.25"]
[Round "?"]
[White "Lifshitz, Samuel"]
[Black "Salazar Moran, Alejandro Fortunato"]
[Result "1-0"]
[WhiteElo "1826"]
[BlackElo "1978"]
[PlyCount "59"]
[EventDate "2010.01.07"]
[EventType "tourn (corr)"]
[EventRounds "6"]
[EventCountry "GER"]
[SourceTitle "Telechess CBM 141"]
[Source "ChessBase"]
[SourceDate "2011.03.17"]
[SourceVersion "1"]
[SourceVersionDate "2011.03.17"]
[SourceQuality "1"]

1. e4 e5 2. Nf3 Nc6 3. d4 exd4 4. c3 d3 5. Bxd3 d5 6. Nbd2 Be7 7. Qe2 Be6 8. 0-0 Nf6 9. e5 Nd7 10. Rd1 Bg4 11. h3 Bh5 12. g4 Bg6 13. Nb3 Nc5 14. Bxg6 hxg6 15. Nxc5 Bxc5 16. e6 f6 17. b4 Bd6 18. Qb5 Ke7 19. Qxd5 Rxh3 20. Kg2 Qh8 21. Bf4 Rd8 22. Qe4 Bxf4 23. Qxf4 Rd6 24. Rxd6 cxd6 25. Rd1 Ne5 26. Qd2 Nc4 27. Qd5 Rxf3 28. Qxb7+ Kxe6 29. Qxf3 Ne5 30. Qd5+ 1-0

[Event "LSS SB-2009-0-00062"]
[Site "LSS email"]
[Date "2009.09.24"]
[Round "?"]
[White "Kuhn, Christian Helmut"]
[Black "Lifshitz, Samuel"]
[Result "1/2-1/2"]
[WhiteElo "1900"]
[BlackElo "1812"]
[PlyCount "68"]
[EventDate "2009.08.13"]
[EventType "tourn (corr)"]
[EventRounds "6"]
[EventCountry "GER"]
[SourceTitle "Telechess CBM 137"]
[Source "ChessBase"]
[SourceDate "2010.07.15"]
[SourceVersion "1"]
[SourceVersionDate "2010.07.15"]
[SourceQuality "1"]

1. c4 f5 2. g3 Nf6 3. Bg2 g6 4. Nc3 Bg7 5. d3 0-0 6. e4 d6 7. Nge2 e5 8. 0-0 Nc6 9. Nd5 Ne7 10. Nxe7+ Qxe7 11. exf5 gxf5 12. Bg5 Qf7 13. Qd2 c6 14. Rae1 Be6 15. b3 Qh5 16. f3 Rfe8 17. d4 Rad8 18. Rd1 Rd7 19. a4 Qg6 20. Rde1 d5 21. c5 e4 22. Be3 Nh5 23. b4 Bf6 24. b5 Rg7 25. Qa5 Ra8 26. Rf2 Bg5 27. Qd2 h6 28. Bxg5 Qxg5 29. Nc3 Rf8 30. a5 Nf6 31. a6 Qxd2 32. Rxd2 cxb5 33. Nxb5 bxa6 34. Nd6 Ne8 1/2-1/2

[Event "LSS SB-2009-0-00055"]
[Site "LSS email"]
[Date "2009.07.12"]
[Round "?"]
[White "Pott, Brian"]
[Black "Lifshitz, Samuel"]
[Result "1-0"]
[WhiteElo "1814"]
[BlackElo "1813"]
[PlyCount "105"]
[EventDate "2009.05.15"]
[EventType "tourn (corr)"]
[EventRounds "6"]
[EventCountry "GER"]
[SourceTitle "Telechess CBM 137"]
[Source "ChessBase"]
[SourceDate "2010.07.15"]
[SourceVersion "1"]
[SourceVersionDate "2010.07.15"]
[SourceQuality "1"]

1. e4 e5 2. Nf3 Nc6 3. Bc4 Nf6 4. d3 Be7 5. 0-0 0-0 6. Bb3 d6 7. c3 d5 8. Nbd2 dxe4 9. dxe4 Bc5 10. Qe2 Qe7 11. Nc4 h6 12. Bc2 a5 13. Be3 b5 14. Bxc5 Qxc5 15. Ne3 Be6 16. a4 bxa4 17. Rxa4 Rab8 18. Bd3 Bb3 19. Raa1 Nh5 20. g3 Be6 21. Nd5 Bg4 22. Ne3 Bh3 23. Rfd1 Rfd8 24. Nd5 Bg4 25. Nxc7 Bxf3 26. Qxf3 Rxb2 27. Nd5 Nf6 28. Rab1 Rxb1 29. Rxb1 Ne8 30. Rb7 Nd6 31. Rc7 Kf8 32. Ba6 a4 33. Kg2 Rb8 34. Ne7 Qa5 35. Ng6+ Ke8 36. Rxc6 Rb6 37. Bb7 Nxb7 38. Nxe5 Nd8 39. Nc4 Rxc6 40. Nxa5 Rc5 41. c4 Rxa5 42. Qc3 Nc6 43. Qxg7 a3 44. Qf6 Kd7 45. c5 Nd8 46. Qd6+ Kc8 47. c6 Ra7 48. Qc5 Rc7 49. Qxa3 Rxc6 50. Qd3 Kc7 51. e5 Re6 52. f4 Nc6 53. g4 1-0